[Event "Athens Iraklion op 27th"]
[Site "Athens"]
[Date "2025.06.14"]
[Round "5"]
[White "Megagiannis, Maximos"]
[Black "Rigopoulos Tsigkos, Alexandros"]
[Result "0-1"]
[WhiteElo "1859"]
[BlackElo "2064"]
[PlyCount "80"]
[EventDate "2025.06.14"]
[EventType "swiss"]
[EventRounds "9"]
[EventCountry "GRE"]
[SourceTitle "CB26_2025"]
[SourceDate "2025.06.25"]
[SourceVersion "1"]
[SourceVersionDate "2025.06.25"]
[SourceQuality "1"]

1. e4 c5 2. Nf3 e6 3. d4 cxd4 4. Nxd4 a6 5. Bd3 Qc7 6. 0-0 Nf6 7. c4 Bc5 8. Nc2 Nc6 9. Nc3 h5 10. Qf3 Bd6 11. h3 Ng4 12. g3 Nge5 13. Qe2 Nxd3 14. Qxd3 Ne5 15. Qd1 Nxc4 16. f4 b5 17. Nd4 Bc5 18. Kh2 Qb6 19. Nb3 Be3 20. f5 Bxc1 21. Qxc1 Qe3 22. fxe6 dxe6 23. Qd1 Ra7 24. Rf3 Qg5 25. Qd4 Rd7 26. Qf2 Ne5 27. Re3 0-0 28. Rf1 Rfd8 29. Kg1 Rd3 30. Rfe1 b4 31. Na4 Nc4 32. Rf3 Rxf3 33. Qxf3 h4 34. g4 Ne5 35. Qg2 Rd3 36. Kh1 Rg3 37. Qf1 Rf3 38. Qg2 Qf4 39. Rc1 Kh7 40. Nac5 Rf2 0-1

[Event "EU-ch Rapid"]
[Site "Skopje"]
[Date "2024.12.07"]
[Round "6"]
[White "Rigopoulos Tsigkos, Alexandros"]
[Black "Hamitevici, Vladimir"]
[Result "0-1"]
[WhiteElo "2068"]
[BlackElo "2423"]
[PlyCount "92"]
[EventDate "2024.12.07"]
[EventType "swiss (rapid)"]
[EventRounds "11"]
[EventCountry "MKD"]
[SourceTitle "CB50_2024"]
[SourceDate "2024.11.01"]
[SourceVersion "1"]
[SourceVersionDate "2024.11.01"]
[SourceQuality "2"]

1. e4 c6 2. d4 d5 3. e5 Bf5 4. h4 a6 5. g4 Bd7 6. h5 Qc8 7. Be2 c5 8. c3 Nc6 9. Be3 Nh6 10. f3 e6 11. f4 cxd4 12. cxd4 f6 13. Nc3 Qc7 14. Rc1 Be7 15. Bf3 fxe5 16. fxe5 0-0 17. Qd2 Nxe5 18. dxe5 Qxe5 19. Nce2 Nf7 20. Bf4 Qf6 21. Bg2 e5 22. Bg3 d4 23. Bh4 Qxh4+ 24. Rxh4 Bxh4+ 25. Kd1 Bg5 26. Qb4 Bxc1 27. Nxc1 Bxg4+ 28. Bf3 Nh6 29. Qxb7 Rae8 30. Qd5+ Kh8 31. Kc2 Nf5 32. Kb1 Ne3 33. Qb7 Rb8 34. Qe7 Bf5+ 35. Ka1 Rfc8 36. Nge2 Nc2+ 37. Kb1 Ne1+ 38. Ka1 Nxf3 39. h6 Rg8 40. hxg7+ Rxg7 41. Qf6 Be4 42. Ng3 Rc8 43. Nb3 Rc6 44. Qd8+ Rg8 45. Qxg8+ Kxg8 46. Nxe4 h5 0-1

[Event "GRE-chT 51st"]
[Site "Trikala"]
[Date "2024.07.10"]
[Round "7.4"]
[White "Rigopoulos Tsigkos, Alexandros"]
[Black "Konstantinidis, Konstantinos"]
[Result "1/2-1/2"]
[WhiteElo "2039"]
[BlackElo "2026"]
[PlyCount "81"]
[EventDate "2024.07.04"]
[EventType "team-swiss"]
[EventRounds "7"]
[EventCountry "GRE"]
[SourceTitle "CBM 221 Extra"]
[Source "ChessBase"]
[SourceDate "2024.09.30"]
[SourceVersion "1"]
[SourceVersionDate "2024.09.30"]
[SourceQuality "1"]
[WhiteTeam "Ippotis Rodi"]
[BlackTeam "Thessaloniki Aris"]
[WhiteTeamCountry "GRE"]
[BlackTeamCountry "GRE"]

1. e4 e5 2. Nf3 Nc6 3. Bc4 Nf6 4. d3 h6 5. c3 d6 6. a4 g6 7. b4 Bg7 8. 0-0 0-0 9. Re1 Kh8 10. Nbd2 Nh7 11. b5 Na5 12. d4 exd4 13. Nxd4 Nxc4 14. Nxc4 d5 15. exd5 Qxd5 16. Ne3 Qd8 17. Qb3 Kg8 18. Ba3 Re8 19. Rad1 Qg5 20. Qc4 Nf6 21. Nf3 Qh5 22. Qxc7 Ne4 23. Rd8 Bh3 24. Rxa8 Rxa8 25. Qxb7 Re8 26. Qd5 Be5 27. Nxe5 Rxe5 28. Qd8+ Kh7 29. Qc7 Ng5 30. Qb7 Be6 31. Bd6 Bd5 32. Qxd5 Rxd5 33. Nxd5 Nh3+ 34. gxh3 Qxd5 35. Bg3 g5 36. Re3 Qd1+ 37. Kg2 Qd5+ 38. Kg1 Qd1+ 39. Kg2 Qxa4 40. Re7 Kg6 41. Rc7 1/2-1/2

[Event "GRE-chT 51st"]
[Site "Trikala"]
[Date "2024.07.07"]
[Round "4.4"]
[White "Rigopoulos Tsigkos, Alexandros"]
[Black "Danis, Hrisovalantis"]
[Result "1-0"]
[WhiteElo "2039"]
[BlackElo "1970"]
[PlyCount "93"]
[EventDate "2024.07.04"]
[EventType "team-swiss"]
[EventRounds "7"]
[EventCountry "GRE"]
[SourceTitle "CBM 221 Extra"]
[Source "ChessBase"]
[SourceDate "2024.09.30"]
[SourceVersion "1"]
[SourceVersionDate "2024.09.30"]
[SourceQuality "1"]
[WhiteTeam "Ippotis Rodi"]
[BlackTeam "Thessaloniki Lefkos Pyrgos"]
[WhiteTeamCountry "GRE"]
[BlackTeamCountry "GRE"]

1. e4 c5 2. Nf3 g6 3. c3 Bg7 4. d4 cxd4 5. cxd4 d5 6. exd5 Nf6 7. Nc3 0-0 8. Bc4 Nbd7 9. d6 exd6 10. 0-0 Nb6 11. Bb3 d5 12. Bf4 a6 13. h3 Bf5 14. Qc1 Ne4 15. Nxe4 dxe4 16. Bc7 Qe7 17. Bxb6 exf3 18. Qe3 Qf6 19. Bc5 fxg2 20. Rfe1 Rfc8 21. Rad1 Bf8 22. Be7 Bxe7 23. Qxe7 Rc6 24. Bd5 Rb6 25. b3 Bxh3 26. Rc1 Rf8 27. Rc7 Qxe7 28. Rexe7 Be6 29. Bxb7 Rd8 30. d5 Bxd5 31. Bxd5 Rxd5 32. Rxf7 Rg5 33. Rg7+ Kf8 34. Rxh7 Kg8 35. Rcg7+ Kf8 36. Ra7 Kg8 37. Rhd7 Rf6 38. Rd8+ Rf8 39. Rxf8+ Kxf8 40. Rxa6 Ke7 41. a4 Kd7 42. b4 Rg4 43. b5 Kc7 44. a5 g5 45. Rg6 Kb7 46. Rg7+ Kb8 47. a6 1-0

[Event "Rhodes Summer Cup"]
[Site "Rhodes"]
[Date "2024.06.28"]
[Round "7"]
[White "Rigopoulos Tsigkos, Alexandros"]
[Black "Grapsa, Georgia"]
[Result "1/2-1/2"]
[WhiteElo "2039"]
[BlackElo "1979"]
[PlyCount "116"]
[EventDate "2024.06.22"]
[EventType "swiss"]
[EventRounds "9"]
[EventCountry "GRE"]
[SourceTitle "CBM 220 Extra"]
[Source "ChessBase"]
[SourceDate "2024.07.31"]
[SourceVersion "1"]
[SourceVersionDate "2024.07.31"]
[SourceQuality "1"]

1. e4 c6 2. d4 d5 3. e5 Bf5 4. h4 h5 5. c4 e6 6. Nc3 dxc4 7. Bxc4 Nd7 8. Nf3 Bg4 9. Be2 Nh6 10. Bxh6 Rxh6 11. Ng5 Bxe2 12. Qxe2 Be7 13. Nce4 Nf8 14. Rd1 f6 15. Nf3 Qa5+ 16. Nc3 0-0-0 17. 0-0 f5 18. a3 Rg6 19. Ra1 Rg4 20. b4 Qb6 21. b5 Ng6 22. Qc4 Nf4 23. g3 Kb8 24. Rab1 cxb5 25. Rxb5 Qc7 26. Rxb7+ Kxb7 27. Rb1+ Qb6 28. Rxb6+ axb6 29. Kh2 Nd5 30. Nb5 f4 31. Ng5 fxg3+ 32. fxg3 Rc8 33. Qb3 Nc7 34. Nxc7 Rxc7 35. Nxe6 Rc1 36. Qd5+ Kc8 37. Nf4 Bxh4 38. Qa8+ Kd7 39. e6+ Kd6 40. Qd5+ Kc7 41. Qe5+ Kb7 42. Ne2 Bf6 43. Qxh5 Rg5 44. Qxg5 Bxg5 45. Nxc1 Kc6 46. Ne2 Kd6 47. Kh3 Kxe6 48. Kg4 Bf6 49. Nf4+ Kd6 50. Ne2 Kd5 51. Kf5 Bxd4 52. Nxd4 Kxd4 53. Kg6 Kc3 54. Kxg7 Kb3 55. Kf6 Kxa3 56. g4 b5 57. g5 b4 58. g6 b3 1/2-1/2

[Event "Rhodes Summer Cup"]
[Site "Rhodes"]
[Date "2024.06.27"]
[Round "6"]
[White "Sandalakis, Nikolaos"]
[Black "Rigopoulos Tsigkos, Alexandros"]
[Result "1-0"]
[WhiteElo "2229"]
[BlackElo "2039"]
[PlyCount "65"]
[EventDate "2024.06.22"]
[EventType "swiss"]
[EventRounds "9"]
[EventCountry "GRE"]
[SourceTitle "CBM 220 Extra"]
[Source "ChessBase"]
[SourceDate "2024.07.31"]
[SourceVersion "1"]
[SourceVersionDate "2024.07.31"]
[SourceQuality "1"]

1. e4 c5 2. Nf3 e6 3. d4 cxd4 4. Nxd4 a6 5. Bd3 Bc5 6. Nb3 Be7 7. Qg4 g6 8. Qe2 d6 9. a4 b6 10. 0-0 Nd7 11. Na3 Bb7 12. Nc4 Qc7 13. a5 b5 14. Nb6 Rd8 15. Nxd7 Qxd7 16. c4 bxc4 17. Bxc4 Ra8 18. Rd1 Qc6 19. f3 Nf6 20. Bh6 Qc7 21. Rac1 Qb8 22. Nc5 Qa7 23. Bb5+ axb5 24. Qxb5+ Bc6 25. Qxc6+ Nd7 26. Kh1 Rb8 27. Na6 Rb7 28. Nc7+ Rxc7 29. Qxc7 Qxc7 30. Rxc7 Bd8 31. Rc8 Ke7 32. a6 Nb6 33. a7 1-0

[Event "Rhodes Summer Cup"]
[Site "Rhodes"]
[Date "2024.06.26"]
[Round "5"]
[White "Rigopoulos Tsigkos, Alexandros"]
[Black "Sibashvili, Giorgi"]
[Result "1/2-1/2"]
[WhiteElo "2039"]
[BlackElo "2423"]
[PlyCount "92"]
[EventDate "2024.06.22"]
[EventType "swiss"]
[EventRounds "9"]
[EventCountry "GRE"]
[SourceTitle "CBM 220 Extra"]
[Source "ChessBase"]
[SourceDate "2024.07.31"]
[SourceVersion "1"]
[SourceVersionDate "2024.07.31"]
[SourceQuality "1"]

1. e4 c5 2. Nf3 Nc6 3. c3 Nf6 4. e5 Nd5 5. d4 cxd4 6. Bc4 Nb6 7. Bb3 d5 8. exd6 Qxd6 9. Nxd4 Nxd4 10. Qxd4 Qxd4 11. cxd4 g6 12. Nc3 Bg7 13. Be3 0-0 14. 0-0 Bf5 15. Rfd1 Rfd8 16. d5 Rdc8 17. Bd4 Nc4 18. Bxg7 Kxg7 19. Bxc4 Rxc4 20. Rd2 Rd8 21. Rad1 a6 22. f3 b5 23. Rd4 Rxd4 24. Rxd4 e5 25. Rd2 Rc8 26. a3 f6 27. Kf2 Bd7 28. Re2 a5 29. Ne4 Rc4 30. b3 Rd4 31. Rd2 Rxd2+ 32. Nxd2 Kf7 33. b4 axb4 34. axb4 Ke7 35. Ke3 f5 36. Nb1 f4+ 37. Kf2 Bf5 38. Nc3 Bd3 39. g3 Bc4 40. Ke1 h5 41. gxf4 exf4 42. h4 Kd6 43. Kf2 Ke5 44. Kg2 Kf5 45. Kf2 Ke5 46. Kg2 Kf5 1/2-1/2

[Event "GRE CupT final 41st"]
[Site "Peristeri"]
[Date "2023.08.23"]
[Round "2.2"]
[White "Chatzieleftheriou, Andreas"]
[Black "Rigopoulos Tsigkos, Alexandros"]
[Result "1-0"]
[WhiteElo "2351"]
[BlackElo "2045"]
[PlyCount "85"]
[EventDate "2023.08.23"]
[EventType "team"]
[EventRounds "5"]
[EventCountry "GRE"]
[SourceTitle "CBM 215 Extra"]
[Source "ChessBase"]
[SourceDate "2023.09.30"]
[SourceVersion "1"]
[SourceVersionDate "2023.09.30"]
[SourceQuality "1"]
[WhiteTeam "Phisiolatris"]
[BlackTeam "Ippotis Rodi"]
[WhiteTeamCountry "GRE"]
[BlackTeamCountry "GRE"]

1. c4 Nf6 2. Nc3 e5 3. Nf3 Nc6 4. e3 Be7 5. d4 exd4 6. exd4 d5 7. cxd5 Nxd5 8. Bb5 0-0 9. 0-0 Bg4 10. Bxc6 bxc6 11. h3 Bh5 12. Re1 Bf6 13. g4 Bg6 14. Ne4 Re8 15. Nxf6+ Qxf6 16. Rxe8+ Rxe8 17. Ne5 Nb4 18. Be3 Nc2 19. Rc1 Nxe3 20. fxe3 Be4 21. Qf1 Qe6 22. Qf4 Bd5 23. e4 Bxa2 24. Rxc6 Qb3 25. Nf3 Qxb2 26. Rxc7 f6 27. Rxa7 Rc8 28. Rc7 Qb1+ 29. Kf2 Re8 30. Ra7 Bc4 31. Qc7 Qb2+ 32. Kg3 Qb8 33. Qxb8 Rxb8 34. Ra3 Rd8 35. Kf4 Bf1 36. h4 Be2 37. d5 Bxf3 38. Kxf3 Rd7 39. Kf4 Kf7 40. g5 Ke7 41. Ra6 Kf7 42. gxf6 gxf6 43. Kf5 1-0

[Event "GRE CupT final 41st"]
[Site "Peristeri"]
[Date "2023.08.23"]
[Round "1.4"]
[White "Georgakopoulos, Nikolaos K"]
[Black "Rigopoulos Tsigkos, Alexandros"]
[Result "1-0"]
[WhiteElo "2148"]
[BlackElo "2045"]
[PlyCount "53"]
[EventDate "2023.08.23"]
[EventType "team"]
[EventRounds "5"]
[EventCountry "GRE"]
[SourceTitle "CBM 215 Extra"]
[Source "ChessBase"]
[SourceDate "2023.09.30"]
[SourceVersion "1"]
[SourceVersionDate "2023.09.30"]
[SourceQuality "1"]
[WhiteTeam "Khanion"]
[BlackTeam "Ippotis Rodi"]
[WhiteTeamCountry "GRE"]
[BlackTeamCountry "GRE"]

1. e4 c5 2. Nf3 e6 3. g3 Nc6 4. Bg2 Nf6 5. d3 d5 6. Nbd2 Be7 7. 0-0 h6 8. Re1 a5 9. Qe2 0-0 10. e5 Nd7 11. Nf1 b5 12. h4 Ba6 13. N1h2 b4 14. Bf4 c4 15. Qd2 c3 16. bxc3 bxc3 17. Qxc3 Bb4 18. Qxc6 Nc5 19. Bd2 Qe7 20. Bxb4 axb4 21. Qd6 Qa7 22. d4 Rac8 23. dxc5 Rxc5 24. Nd4 Rfc8 25. Nb3 Rxc2 26. Ng4 Qb7 27. Rac1 1-0

[Event "GRE-chT 49th"]
[Site "Thessaloniki"]
[Date "2022.08.17"]
[Round "7"]
[White "Rigopoulos Tsigkos, Alexandros"]
[Black "Xylogiannopoulos, Antonios"]
[Result "1-0"]
[WhiteElo "2105"]
[BlackElo "2260"]
[PlyCount "119"]
[EventDate "2022.08.12"]
[EventType "team-swiss"]
[EventRounds "7"]
[EventCountry "GRE"]
[SourceTitle "EXT 2024"]
[Source "ChessBase"]
[SourceDate "2023.10.10"]
[SourceVersion "1"]
[SourceVersionDate "2023.10.10"]
[SourceQuality "1"]
[WhiteTeam "Asos Rodou Hippotis"]
[BlackTeam "Kallithea"]
[WhiteTeamCountry "GRE"]
[BlackTeamCountry "GRE"]

1. e4 e5 2. Nf3 Nc6 3. Bc4 Bc5 4. 0-0 Nf6 5. d3 d6 6. c3 a6 7. a4 Ba7 8. Be3 0-0 9. Nbd2 Bxe3 10. fxe3 d5 11. exd5 Nxd5 12. Qe2 Nb6 13. Bb3 Qe7 14. Ne4 Be6 15. Qc2 Nd7 16. Nfg5 Bxb3 17. Qxb3 Nd8 18. Rf2 h6 19. Nf3 Rb8 20. a5 Qe6 21. Qa3 Nc6 22. Nfd2 Rbd8 23. Qb3 Qxb3 24. Nxb3 Rb8 25. Nbc5 Nxc5 26. Nxc5 Rfd8 27. b4 Rd6 28. Raf1 Nd8 29. d4 exd4 30. exd4 f6 31. Re1 Kf7 32. Rfe2 Nc6 33. Re4 Rdd8 34. Kf2 Rd5 35. R1e2 Rf5+ 36. Ke1 Rd5 37. Kd2 Ne5 38. Kc2 Ng6 39. g3 Rd6 40. h3 h5 41. h4 Rdd8 42. Re1 Rd5 43. c4 Rd6 44. Kc3 Rdd8 45. R4e2 Rd6 46. Rb1 Ne7 47. b5 axb5 48. Rxb5 b6 49. Reb2 Nc8 50. Na4 Na7 51. R5b3 Rbd8 52. axb6 cxb6 53. Nxb6 Rxd4 54. Nd5 Nc6 55. Rb6 R4xd5 56. cxd5 Ne7 57. Rb7 Kf8 58. Rb8 Rxb8 59. Rxb8+ Kf7 60. Kc4 1-0

[Event "GRE-chT 49th"]
[Site "Thessaloniki"]
[Date "2022.08.13"]
[Round "3.10"]
[White "Rigopoulos Tsigkos, Alexandros"]
[Black "Milonakis, Georgios"]
[Result "1-0"]
[WhiteElo "2105"]
[BlackElo "2256"]
[PlyCount "115"]
[EventDate "2022.08.12"]
[EventType "team-swiss"]
[EventRounds "7"]
[EventCountry "GRE"]
[SourceTitle "CBM 209 Extra"]
[Source "ChessBase"]
[SourceDate "2022.09.30"]
[SourceVersion "1"]
[SourceVersionDate "2022.09.30"]
[SourceQuality "1"]
[WhiteTeam "Asos Rodou Hippotis"]
[BlackTeam "Chania Kethon"]
[WhiteTeamCountry "GRE"]
[BlackTeamCountry "GRE"]

1. e4 e5 2. Nf3 Nc6 3. Bb5 a6 4. Ba4 Nf6 5. d3 d6 6. a3 g6 7. Nc3 Bg7 8. 0-0 0-0 9. Bb3 Bg4 10. Be3 Nd4 11. Bxd4 exd4 12. Nd5 Nxd5 13. Bxd5 c6 14. Bb3 Qf6 15. h3 Bxf3 16. Qxf3 Qxf3 17. gxf3 Be5 18. Rad1 Rfe8 19. Kg2 Bf4 20. Rh1 Re5 21. a4 Rae8 22. h4 h5 23. c3 c5 24. Ra1 a5 25. Bd5 Rb8 26. Rhd1 Kg7 27. Rab1 b5 28. cxd4 cxd4 29. b4 Re7 30. bxa5 Ra7 31. Rxb5 Rc8 32. Rb7 Rxb7 33. Bxb7 Rc5 34. a6 Ra5 35. Ra1 Bd2 36. Ra2 Bb4 37. f4 f6 38. Kf1 Bc5 39. Ke2 Ba7 40. Kd1 Kh6 41. Bd5 g5 42. Bc4 Rc5 43. Rb2 Rc7 44. Rb7 Rxb7 45. axb7 gxh4 46. Be6 Kg7 47. Ke2 Kf8 48. Kf3 Ke7 49. Bd5 Bb8 50. Kg2 f5 51. f3 Kf6 52. Kh3 Kg6 53. a5 Ba7 54. Kxh4 Bb8 55. a6 Ba7 56. Bc6 Bb8 57. Be8+ Kf6 58. Bxh5 1-0

[Event "EU-ch Rapid"]
[Site "Katowice"]
[Date "2021.12.19"]
[Round "10"]
[White "Rigopoulos Tsigkos, Alexandros"]
[Black "Rudecki, Bartosz"]
[Result "1/2-1/2"]
[WhiteElo "2076"]
[BlackElo "1846"]
[PlyCount "48"]
[EventDate "2021.12.18"]
[EventType "swiss (rapid)"]
[EventRounds "11"]
[EventCountry "POL"]
[SourceTitle "CBM 205 Extra"]
[Source "ChessBase"]
[SourceDate "2022.01.31"]
[SourceVersion "1"]
[SourceVersionDate "2022.01.31"]
[SourceQuality "1"]

1. e4 e5 2. Nf3 Nc6 3. Bb5 f5 4. d3 fxe4 5. dxe4 Nf6 6. Bg5 Bc5 7. Bxc6 bxc6 8. 0-0 d6 9. h3 0-0 10. Nbd2 Qe8 11. Bxf6 Rxf6 12. Nb3 Bb6 13. Qd3 Qg6 14. Kh2 Be6 15. c4 Raf8 16. Nxe5 Qg5 17. Nxc6 Rf3 18. gxf3 Qf4+ 19. Kg2 Bxh3+ 20. Kxh3 Qh6+ 21. Kg2 Qg5+ 22. Kh2 Qh4+ 23. Kg2 Qg5+ 24. Kh3 Qh5+ 1/2-1/2

[Event "EU-ch Rapid"]
[Site "Katowice"]
[Date "2021.12.18"]
[Round "3"]
[White "Sumets, Andrey"]
[Black "Rigopoulos Tsigkos, Alexandros"]
[Result "1-0"]
[WhiteElo "2524"]
[BlackElo "2076"]
[PlyCount "61"]
[EventDate "2021.12.18"]
[EventType "swiss (rapid)"]
[EventRounds "11"]
[EventCountry "POL"]
[SourceTitle "CBM 205 Extra"]
[Source "ChessBase"]
[SourceDate "2022.01.31"]
[SourceVersion "1"]
[SourceVersionDate "2022.01.31"]
[SourceQuality "1"]

1. e4 c5 2. Nf3 e6 3. d4 cxd4 4. Nxd4 a6 5. Nc3 b5 6. Bd3 Bb7 7. 0-0 Bc5 8. Nb3 Be7 9. e5 Qc7 10. Re1 Nc6 11. Bf4 g5 12. Bg3 h5 13. h3 h4 14. Bh2 Nh6 15. Qe2 g4 16. hxg4 Rg8 17. f3 0-0-0 18. a4 b4 19. Ne4 Nxe5 20. Nf2 d6 21. Bxa6 f5 22. Bxb7+ Qxb7 23. Bxe5 dxe5 24. Na5 Qb6 25. Qc4+ Kd7 26. Rxe5 Bf6 27. Rb5 Qe3 28. Rb7+ Ke8 29. Qb5+ Kf8 30. Qxb4+ Ke8 31. Re1 1-0

[Event "Ambelokipi op 175th"]
[Site "Athens"]
[Date "2020.02.19"]
[Round "6"]
[White "Mallios, Ioannis"]
[Black "Rigopoulos Tsigkos, Alexandros"]
[Result "0-1"]
[WhiteElo "1837"]
[BlackElo "2077"]
[PlyCount "62"]
[EventDate "2020.01.15"]
[EventType "swiss"]
[EventRounds "7"]
[EventCountry "GRE"]
[SourceTitle "EXT 2021"]
[Source "ChessBase"]
[SourceDate "2020.10.23"]
[SourceVersion "1"]
[SourceVersionDate "2020.10.23"]
[SourceQuality "1"]

1. e4 c5 2. Nf3 e6 3. d4 cxd4 4. Nxd4 a6 5. Bd3 Bc5 6. Nb3 Be7 7. Qg4 Bf6 8. 0-0 d6 9. f4 Nc6 10. c3 b5 11. Be3 h5 12. Qf3 e5 13. Na3 Nge7 14. h3 Bb7 15. Rad1 Ng6 16. f5 Nge7 17. Bc2 Qc7 18. g4 hxg4 19. hxg4 Bh4 20. Rd2 0-0-0 21. g5 f6 22. g6 Kb8 23. Kg2 Nxf5 24. Qxf5 Ne7 25. Qg4 f5 26. Rxf5 Nxf5 27. Qxf5 Rdf8 28. Qg4 Bc8 29. Qd1 Qd7 30. Kh1 Qh3+ 31. Kg1 Bf2+ 0-1

[Event "Groningen op-A 55th"]
[Site "Groningen"]
[Date "2017.12.28"]
[Round "7"]
[White "Rigopoulos Tsigkos, Alexandros"]
[Black "Stoyanov, Tsvetan"]
[Result "0-1"]
[WhiteElo "2117"]
[BlackElo "2242"]
[PlyCount "56"]
[EventDate "2017.12.22"]
[EventType "swiss"]
[EventRounds "9"]
[EventCountry "NED"]
[SourceTitle "CBM 182 Extra"]
[Source "ChessBase"]
[SourceDate "2018.02.23"]
[SourceVersion "1"]
[SourceVersionDate "2018.02.23"]
[SourceQuality "1"]

1. e4 d5 2. exd5 Nf6 3. d4 Bg4 4. Bb5+ Nbd7 5. f3 Bf5 6. c4 a6 7. Bxd7+ Qxd7 8. Nc3 0-0-0 9. Nge2 e6 10. dxe6 Qxe6 11. d5 Qb6 12. Qb3 Qxb3 13. axb3 Bc5 14. Na4 Ba7 15. Bg5 Rhe8 16. Kd2 h6 17. Bxf6 gxf6 18. Nac3 c6 19. Rae1 Bf2 20. Ref1 Be3+ 21. Kd1 b5 22. cxb5 axb5 23. b4 cxd5 24. Nc1 d4 25. Ne4 d3 26. Re1 Rxe4 27. fxe4 Bg4+ 28. Ne2 Bf2 0-1

[Event "Groningen op-A 55th"]
[Site "Groningen"]
[Date "2017.12.23"]
[Round "3"]
[White "Rigopoulos Tsigkos, Alexandros"]
[Black "Lubbe, Nikolas"]
[Result "0-1"]
[WhiteElo "2117"]
[BlackElo "2474"]
[PlyCount "98"]
[EventDate "2017.12.22"]
[EventType "swiss"]
[EventRounds "9"]
[EventCountry "NED"]
[SourceTitle "CBM 182 Extra"]
[Source "ChessBase"]
[SourceDate "2018.02.23"]
[SourceVersion "1"]
[SourceVersionDate "2018.02.23"]
[SourceQuality "1"]

1. e4 c5 2. Nf3 d6 3. d4 cxd4 4. Qxd4 Nc6 5. Bb5 a6 6. Bxc6+ bxc6 7. 0-0 e5 8. Qd3 Be7 9. c4 Qc7 10. Nc3 Nf6 11. Bg5 h6 12. Bh4 g5 13. Bg3 Nh5 14. c5 Nxg3 15. cxd6 Qxd6 16. Qxd6 Bxd6 17. hxg3 Rb8 18. Rfd1 Ke7 19. b3 Be6 20. Rac1 Rhc8 21. Na4 Rb4 22. Nc5 Bxc5 23. Rxc5 f6 24. Rdc1 Kd6 25. Ra5 Rxe4 26. Rxa6 Bd5 27. Ne1 Rb4 28. Ra7 Rbb8 29. Nd3 Ra8 30. Rxa8 Rxa8 31. Rc2 e4 32. Nc5 f5 33. a4 Rb8 34. Rc3 f4 35. gxf4 gxf4 36. Kf1 h5 37. g3 fxg3 38. fxg3 Rf8+ 39. Ke2 Rf7 40. b4 Ke5 41. Ke3 Rf3+ 42. Kd2 Rf2+ 43. Ke1 Rb2 44. Ra3 Rxb4 45. a5 Kd4 46. a6 Rb1+ 47. Kf2 e3+ 48. Rxe3 Kxc5 49. Ra3 Rb8 0-1

[Event "EU-ch blitz"]
[Site "Katowice"]
[Date "2017.12.15"]
[Round "16"]
[White "Licznerski, Lukasz"]
[Black "Rigopoulos Tsigkos, Alexandros"]
[Result "1-0"]
[WhiteElo "2267"]
[BlackElo "2117"]
[PlyCount "57"]
[EventDate "2017.12.15"]
[EventType "swiss (blitz)"]
[EventRounds "22"]
[EventCountry "POL"]
[SourceTitle "CBM 182 Extra"]
[Source "ChessBase"]
[SourceDate "2018.02.23"]
[SourceVersion "1"]
[SourceVersionDate "2018.02.23"]
[SourceQuality "1"]

1. e4 c5 2. Nf3 e6 3. d4 cxd4 4. Nxd4 a6 5. Bd3 Bc5 6. Nb3 Be7 7. Qg4 g6 8. Qe2 d6 9. 0-0 Nd7 10. Bf4 Qc7 11. a4 b6 12. N1d2 Bb7 13. Nc4 e5 14. Bd2 Ngf6 15. Bh6 Nc5 16. Nxc5 dxc5 17. f4 exf4 18. Bxf4 Qd8 19. Bh6 Bxe4 20. Rae1 Qd4+ 21. Kh1 b5 22. Bxe4 Nxe4 23. Qxe4 Qxe4 24. Rxe4 bxc4 25. Rfe1 Ra7 26. Bg5 f6 27. Bxf6 0-0 28. Bxe7 Rf2 29. Bxc5 1-0

[Event "EU-ch blitz"]
[Site "Katowice"]
[Date "2017.12.15"]
[Round "13"]
[White "Pulpan, Jakub"]
[Black "Rigopoulos Tsigkos, Alexandros"]
[Result "1-0"]
[WhiteElo "2400"]
[BlackElo "2117"]
[PlyCount "51"]
[EventDate "2017.12.15"]
[EventType "swiss (blitz)"]
[EventRounds "22"]
[EventCountry "POL"]
[SourceTitle "CBM 182 Extra"]
[Source "ChessBase"]
[SourceDate "2018.02.23"]
[SourceVersion "1"]
[SourceVersionDate "2018.02.23"]
[SourceQuality "1"]

1. d4 d5 2. c4 dxc4 3. Nf3 Nf6 4. e3 e6 5. Bxc4 a6 6. 0-0 c5 7. Nc3 b5 8. Bd3 Bb7 9. Qe2 cxd4 10. exd4 Be7 11. Bg5 Nc6 12. Bxf6 gxf6 13. Be4 b4 14. d5 Na5 15. d6 Qxd6 16. Bxb7 Nxb7 17. Ne4 Qb6 18. Rad1 Rd8 19. Rxd8+ Nxd8 20. Qd2 Qb7 21. Qf4 f5 22. Ng3 Nc6 23. Qh6 a5 24. Nh5 Nd8 25. Ne5 Bf8 26. Qg5 1-0

[Event "Peristeri IRT 7th"]
[Site "Peristeri"]
[Date "2017.10.17"]
[Round "5"]
[White "Alexakis, Dimitrios"]
[Black "Rigopoulos Tsigkos, Alexandros"]
[Result "1/2-1/2"]
[WhiteElo "2067"]
[BlackElo "2116"]
[PlyCount "119"]
[EventDate "2017.09.19"]
[EventType "tourn"]
[EventRounds "7"]
[EventCountry "GRE"]
[SourceTitle "EXT 2024"]
[Source "ChessBase"]
[SourceDate "2023.10.10"]
[SourceVersion "1"]
[SourceVersionDate "2023.10.10"]
[SourceQuality "1"]

1. e4 c5 2. Nf3 e6 3. d4 cxd4 4. Nxd4 a6 5. c4 Nf6 6. Nc3 Qc7 7. Be2 d6 8. 0-0 Nbd7 9. f4 b6 10. b4 Bb7 11. Qd3 Be7 12. Bb2 Rc8 13. Rac1 g6 14. f5 gxf5 15. exf5 e5 16. Nd5 Qb8 17. Nxe7 Kxe7 18. Nc2 Rhg8 19. Ne3 Be4 20. Qd2 Qb7 21. g3 h5 22. Rfd1 Qb8 23. c5 bxc5 24. bxc5 Nxc5 25. Nc4 Rgd8 26. Ba3 Qa7 27. Kf1 Bd5 28. Qe3 Bxc4 29. Rxc4 Qd7 30. Bxc5 Rxc5 31. Rxc5 Qxf5+ 32. Kg1 dxc5 33. Qxc5+ Ke8 34. Rf1 Qe6 35. Bxa6 Qxa6 36. Qxe5+ Kf8 37. Qxf6 Qxf6 38. Rxf6 Ra8 39. Rf2 Kg7 40. Kf1 Kg6 41. Ke1 Ra5 42. Kd1 f5 43. Kc1 Kg5 44. Kb2 h4 45. Rf4 hxg3 46. hxg3 Rb5+ 47. Kc3 Re5 48. Rf3 Ra5 49. Kb3 Kg4 50. Rd3 Rb5+ 51. Kc4 Ra5 52. a3 Ra8 53. Kb5 Rb8+ 54. Ka5 Ra8+ 55. Kb6 Kh3 56. Kb7 Ra4 57. Rb3 Rg4 58. Kb6 Rxg3 59. Rxg3+ Kxg3 60. a4 1/2-1/2

[Event "Peristeri IRT 7th"]
[Site "Peristeri"]
[Date "2017.10.10"]
[Round "4"]
[White "Rigopoulos Tsigkos, Alexandros"]
[Black "Giordos, Vasilios"]
[Result "0-1"]
[WhiteElo "2116"]
[BlackElo "2041"]
[PlyCount "74"]
[EventDate "2017.09.19"]
[EventType "tourn"]
[EventRounds "7"]
[EventCountry "GRE"]
[SourceTitle "EXT 2024"]
[Source "ChessBase"]
[SourceDate "2023.10.10"]
[SourceVersion "1"]
[SourceVersionDate "2023.10.10"]
[SourceQuality "1"]

1. e4 c5 2. Nf3 d6 3. Bb5+ Bd7 4. Bxd7+ Qxd7 5. 0-0 Nc6 6. Re1 Nf6 7. c3 e6 8. d4 cxd4 9. cxd4 d5 10. e5 Ne4 11. Nbd2 Nxd2 12. Bxd2 Be7 13. Rc1 0-0 14. Qe2 Rfc8 15. Rc2 Qc7 16. Rec1 Qb6 17. Qd3 Rc7 18. a3 Rac8 19. Bg5 Nxd4 20. Nxd4 Bxg5 21. Rxc7 Rxc7 22. Rc3 h6 23. Qc2 Rxc3 24. Qxc3 Bf4 25. Ne2 Bg5 26. Nd4 g6 27. g3 Be7 28. b4 Kg7 29. Kg2 a6 30. h4 h5 31. Kh3 Bd8 32. g4 hxg4+ 33. Kxg4 Qc7 34. Qe3 Qc4 35. Qf4 Qf1 36. Nf3 Qxf2 37. a4 Qg2+ 0-1